000 00427nam a2200157Ia 4500
008 160316s1999 xxu||||| |||| 00| 0 eng d
082 _a891.100000
_bSAT
100 _aSatchidandan K
245 _aIndian literature : Positions and propositions
250 _a
260 _aDelhi
_bPencraft International
_c1999
300 _a247p
_b
_c
365 _bRs.400
650 _a1. Indian Literature - Critical Essays
700 _a
_a
999 _c14368
_d14368